Historia económica de Colombia 1954-2024 / (Registro nro. 31021)

Detalles MARC
000 -CABECERA
campo de control de longitud fija 01313nam a22002657a 4500
008 - CÓDIGOS DE INFORMACIÓN DE LONGITUD FIJA
fixed length control field 250620t |||a|||| |||| 00| 0 spa d
020 ## - NÚMERO INTERNACIONAL NORMALIZADO PARA LIBROS
ISBN 9786289617498
040 ## - Fuente de catalogación
Agencia original de catalogación CO-JMCR
Lenguaje de catalogación spa
Agencia de transcripción CO-JMCR
Agencia de modificación CO-JMCR
Convenciones de descripción rda
041 0# - CÓDIGO DE LENGUA
Código idioma spa
082 04 - NÚMERO DE LA CLASIFICACIÓN DECIMAL DEWEY
Número de clasificación Decimal 330.09
Número de documento (Cutter) O15h
100 1# - PUNTO DE ACCESO PRINCIPAL-NOMBRE DE PERSONA
Nombre personal Ocampo, José Antonio,
Término de función/relación autor
9 (RLIN) 6129
245 10 - TÍTULO PROPIAMENTE DICHO
Título Historia económica de Colombia 1954-2024 /
Mención de responsabilidad, etc. José Antonio Ocampo, et al.
250 ## - DECLARACIÓN DE EDICIÓN
Declaración de edición 1a. edición
260 ## - PUBLICACIÓN, DISTRIBUCIÓN, ETC. (PIE DE IMPRENTA)
Lugar de publicación, distribución, etc. Bogotá:
Nombre del editor, distribuidor, etc. Editorial La República S.A.S.,
Fecha de publicación, distribución, etc. 2024.
264 ## - PRODUCCION, PUBLICACION, DISTRIBUCION, COPYRIGHT
Fecha de producción, publicación, distribución, copyright 2024.
300 ## - DESCRIPCIÓN FÍSICA
Extensión 453 páginas :
Otros detalles físicos Ilustraciones ;
Dimensiones 23 cm.
520 ## - RESUMEN, ETC.
Resumen,etc. Historias de la economía colombiana hay muchas. La propuesta de este libro es que sea contada por sus principales protagonistas: los ministros de Hacienda, los verdaderos rectores del acontecer económico. Son ellos quienes han monitoreado los fundamentales económicos y los responsables de que Colombia cuente con una economía de mercado que funcione y siga adelante, muy a pesar de las circunstancias políticas.
700 1# - AUTOR SECUNDARIO - PERSONA
Nombre de persona Echeverry, Juan Carlos,
9 (RLIN) 667
700 1# - AUTOR SECUNDARIO - PERSONA
Nombre de persona Cárdenas, Mauricio,
9 (RLIN) 16662
700 1# - AUTOR SECUNDARIO - PERSONA
Nombre de persona Carrasquilla, Alberto,
9 (RLIN) 6925
700 1# - AUTOR SECUNDARIO - PERSONA
Nombre de persona Restrepo, José Manuel,
9 (RLIN) 11101
700 1# - AUTOR SECUNDARIO - PERSONA
Nombre de persona Bonilla, Ricardo,
9 (RLIN) 14703
700 1# - AUTOR SECUNDARIO - PERSONA
Nombre de persona Restrepo, Juan Camilo,
9 (RLIN) 8
Existencias
Withdrawn status Lost status Source of classification or shelving scheme Damaged status Not for loan Collection code Home library Current library Shelving location Date acquired Source of acquisition Total Checkouts Full call number Barcode Date last seen Copy number Price effective from Koha item type
    Dewey Decimal Classification     Non-fiction Biblioteca Pública José María del Castillo y Rada Biblioteca Pública José María del Castillo y Rada Book Cart 11/25/2024 Donación   330.09 O15h 201812690 06/20/2025 Ej.1 06/20/2025 Books